[Event "DSOL 02 Liga Gr-A 1st"]
[Site "Playchess.com INT"]
[Date "2020.07.27"]
[Round "6.2"]
[White "Niermann, Rainer"]
[Black "Kaye, Ferdinand"]
[Result "1-0"]
[WhiteElo "1969"]
[BlackElo "2006"]
[PlyCount "111"]
[EventDate "2020.06.22"]
[EventType "team-tourn (rapid)"]
[EventCountry "GER"]
[SourceTitle "EXT 2021"]
[Source "ChessBase"]
[SourceDate "2020.10.23"]
[SourceVersion "1"]
[SourceVersionDate "2020.10.23"]
[SourceQuality "1"]
[WhiteTeam "Muenster"]
[BlackTeam "Barmbek"]
[WhiteTeamCountry "GER"]
[BlackTeamCountry "GER"]

1. e4 g6 2. d4 Bg7 3. Nf3 Nf6 4. e5 Nd5 5. Be2 d6 6. 0-0 0-0 7. c4 Nb6 8. Nc3 Nc6 9. exd6 cxd6 10. Be3 Bg4 11. d5 Bxf3 12. gxf3 Na5 13. Bd4 Qc7 14. Bxg7 Kxg7 15. Qd4+ f6 16. Nb5 Qc5 17. Rfc1 Rfc8 18. Qe4 Kf7 19. Rab1 Naxc4 20. Nd4 Qa5 21. Qe6+ Kf8 22. Qh3 Qxd5 23. Ne6+ Kg8 24. Rd1 Qf5 25. Qxf5 gxf5 26. Bd3 Ne5 27. Bxf5 Nxf3+ 28. Kf1 Rc4 29. Ke2 Ne5 30. b3 Rh4 31. Rg1+ Ng6 32. Rbc1 Kf7 33. Nc7 Rb8 34. Be6+ Kf8 35. Ke3 Rxh2 36. f4 f5 37. Bxf5 Kg7 38. Be4 Kf6 39. a4 Rh3+ 40. Kd2 Nxf4 41. a5 Nd7 42. Rcf1 e5 43. Nd5+ Ke6 44. Nc7+ Ke7 45. Rg7+ Kd8 46. Rxf4 exf4 47. Nd5 Ne5 48. Rg8+ Kd7 49. Rxb8 Rxb3 50. Nxf4 Kc7 51. Rh8 b6 52. Rxh7+ Kd8 53. a6 Rb4 54. Ne6+ Ke8 55. Bd5 Rb5 56. Nc7+ 1-0

[Event "Muensterland Regionalliga 1617"]
[Site "Germany"]
[Date "2017.05.13"]
[Round "9.7"]
[White "Limberg, Johannes"]
[Black "Niermann, Rainer"]
[Result "1/2-1/2"]
[WhiteElo "1599"]
[BlackElo "2018"]
[PlyCount "90"]
[EventDate "2016.09.17"]
[EventType "team"]
[EventRounds "9"]
[EventCountry "GER"]
[SourceTitle "EXT 2018"]
[Source "ChessBase"]
[SourceDate "2017.10.13"]
[SourceVersion "1"]
[SourceVersionDate "2017.10.13"]
[SourceQuality "1"]
[WhiteTeam "Olfen"]
[BlackTeam "Muenster SK III"]
[WhiteTeamCountry "GER"]
[BlackTeamCountry "GER"]

1. e4 e6 2. d4 d5 3. exd5 exd5 4. Nf3 Bd6 5. Be2 Bf5 6. Nc3 c6 7. 0-0 Ne7 8. Re1 Nd7 9. h3 Qc7 10. Nh4 Bg6 11. Bd3 0-0-0 12. Ne2 Nf6 13. Bg5 Ne4 14. Bxe7 Bh2+ 15. Kf1 Qxe7 16. Nf3 Bc7 17. a3 Rde8 18. b4 Bh5 19. Neg1 Qf6 20. c4 Kb8 21. b5 Ba5 22. Re2 cxb5 23. cxd5 Nd6 24. g4 Bg6 25. Ne5 Qf4 26. Rc1 Qxd4 27. Nd7+ Ka8 28. Bxg6 Qxd1+ 29. Rxd1 hxg6 30. Rxe8+ Rxe8 31. Nf3 f6 32. Nc5 Kb8 33. Ne6 Re7 34. Nfd4 a6 35. Nb3 Bb6 36. Rc1 Nc4 37. a4 bxa4 38. Rxc4 axb3 39. Rb4 Ba7 40. Rxb3 Rd7 41. Rd3 g5 42. d6 Bb6 43. Ke2 a5 44. Kd1 Bxf2 45. Nf8 Rd8 1/2-1/2

[Event "Muensterland Regionalliga 1516"]
[Site "Germany"]
[Date "2015.09.05"]
[Round "1.7"]
[White "Schlagheck, Thomas"]
[Black "Niermann, Rainer"]
[Result "0-1"]
[WhiteElo "1680"]
[BlackElo "1991"]
[PlyCount "81"]
[EventDate "2015.09.05"]
[EventType "team"]
[EventRounds "9"]
[EventCountry "GER"]
[SourceTitle "EXT 2017"]
[Source "ChessBase"]
[SourceDate "2016.10.25"]
[SourceVersion "1"]
[SourceVersionDate "2016.10.25"]
[SourceQuality "1"]
[WhiteTeam "Muenster SK III"]
[BlackTeam "Muenster SK II"]
[WhiteTeamCountry "GER"]
[BlackTeamCountry "GER"]

1. e4 c5 2. Nf3 d6 3. d4 cxd4 4. Nxd4 Nf6 5. Nc3 a6 6. a3 b5 7. Bd3 Bb7 8. 0-0 Nbd7 9. Bg5 Rc8 10. Kh1 Rc5 11. f4 Qa8 12. Qe2 e5 13. fxe5 dxe5 14. Nf5 g6 15. Ng3 Bg7 16. Qe3 Rc8 17. h3 h6 18. Bxf6 Bxf6 19. Rad1 Bg5 20. Qe2 0-0 21. Bxb5 Nc5 22. Bc4 Bf4 23. Rf3 Bxg3 24. Rxg3 Bxe4 25. Nxe4 Qxe4 26. Bxa6 Qxe2 27. Bxe2 Ne4 28. Rf3 Rxc2 29. Re1 Rxb2 30. Bc4 Nd2 31. Rc3 Kg7 32. Bd3 Re8 33. a4 f5 34. a5 e4 35. Be2 Kf6 36. a6 Ra2 37. Rc6+ Re6 38. Rc5 Kg5 39. g3 Nf3 40. Bxf3 exf3 41. Rc3 0-1

[Event "Muensterland Verbandsliga 1112"]
[Site "Germany"]
[Date "2011.12.17"]
[Round "4.3"]
[White "Jacob, Helmut"]
[Black "Niermann, Rainer"]
[Result "1-0"]
[WhiteElo "2072"]
[BlackElo "2027"]
[PlyCount "77"]
[EventDate "2011.09.24"]
[EventType "team-tourn"]
[EventRounds "9"]
[EventCountry "GER"]
[SourceTitle "EXT 2013"]
[Source "ChessBase"]
[SourceDate "2012.11.22"]
[SourceVersion "1"]
[SourceVersionDate "2012.11.22"]
[SourceQuality "1"]
[WhiteTeam "Ochtrup"]
[BlackTeam "Muenster III"]
[WhiteTeamCountry "GER"]
[BlackTeamCountry "GER"]

1. e4 Nc6 2. Nf3 e5 3. Bc4 Nf6 4. Ng5 d5 5. exd5 Nd4 6. c3 b5 7. cxd4 bxc4 8. dxe5 Nxd5 9. Qf3 Qxg5 10. Qxd5 Rb8 11. Nc3 Bb7 12. d4 Bxd5 13. Bxg5 Bxg2 14. Rg1 Bf3 15. Rg3 Bh5 16. b3 Ba3 17. Bc1 Bxc1 18. Rxc1 cxb3 19. axb3 Kd7 20. Ne4 Bg6 21. Nc5+ Ke7 22. Na6 Rbd8 23. Rxc7+ Ke6 24. Rc4 Rc8 25. Nc7+ Kf5 26. Rf3+ Kg4 27. Rfc3 Kf5 28. Kd2 Rhd8 29. Ke3 Rb8 30. Rc5 Rb4 31. e6+ Kf6 32. e7 Kxe7 33. Nd5+ Rxd5 34. Rxd5 Rb7 35. Kd2 f6 36. Re3+ Kf7 37. Rc5 Rd7 38. Kc3 Bb1 39. Re1 1-0

[Event "Muensterland Verbandsliga 1112"]
[Site "Germany"]
[Date "2011.11.19"]
[Round "3.3"]
[White "Niermann, Rainer"]
[Black "Ollech, Dirk"]
[Result "0-1"]
[WhiteElo "2027"]
[BlackElo "1942"]
[PlyCount "62"]
[EventDate "2011.09.24"]
[EventType "team-tourn"]
[EventRounds "9"]
[EventCountry "GER"]
[SourceTitle "EXT 2013"]
[Source "ChessBase"]
[SourceDate "2012.11.22"]
[SourceVersion "1"]
[SourceVersionDate "2012.11.22"]
[SourceQuality "1"]
[WhiteTeam "Muenster III"]
[BlackTeam "Muenster Indische Dame"]
[WhiteTeamCountry "GER"]
[BlackTeamCountry "GER"]

1. e4 c5 2. Nf3 d6 3. d4 cxd4 4. Nxd4 Nf6 5. Nc3 a6 6. Bg5 e6 7. f4 Be7 8. Qf3 h6 9. Bh4 Qc7 10. 0-0-0 Nbd7 11. Be2 g5 12. fxg5 Ne5 13. Qf2 Nfg4 14. Bxg4 Nxg4 15. Qe2 hxg5 16. Bg3 Ne5 17. Nf3 Nc4 18. Rd4 b5 19. e5 d5 20. Nxd5 exd5 21. e6 Qxg3 22. exf7+ Kxf7 23. Re1 Qd6 24. Rxd5 Qf4+ 25. Kb1 Bf6 26. Nxg5+ Bxg5 27. Rf1 Qxf1+ 28. Qxf1+ Bf6 29. Qf3 Be6 30. b3 Na3+ 31. Kc1 Rac8 0-1

[Event "Moehnesee Cup 36th"]
[Site "Moehnesee"]
[Date "2010.08.28"]
[Round "4"]
[White "Koop, Thorben"]
[Black "Niermann, Rainer"]
[Result "1-0"]
[WhiteElo "1880"]
[BlackElo "2105"]
[PlyCount "23"]
[EventDate "2010.08.26"]
[EventType "swiss"]
[EventRounds "7"]
[EventCountry "GER"]
[SourceTitle "EXT 2011"]
[Source "ChessBase"]
[SourceDate "2010.11.26"]
[SourceVersion "1"]
[SourceVersionDate "2010.11.26"]
[SourceQuality "1"]

1. e4 Nc6 2. d4 d5 3. exd5 Qxd5 4. Nf3 Bg4 5. Be2 Nf6 6. c3 e6 7. Qb3 Qxb3 8. axb3 Bd6 9. Nbd2 0-0 10. Nc4 Be7 11. Nfe5 Nxe5 12. dxe5 1-0